[Event "Fagernes GM Swiss 2020"]
[Site "Fagernes"]
[Date "2020.10.10"]
[Round "8.12"]
[White "Krivenko, Dion"]
[Black "Galinsky, Timofey"]
[Result "1/2-1/2"]
[WhiteElo "2047"]
[BlackElo "2370"]
[Annotator "TA"]
[PlyCount "116"]
[EventDate "2020.10.04"]
[EventType "swiss"]
[EventCountry "NOR"]
[SourceTitle "playchess.com"]
[Source "ChessBase"]
[SourceQuality "1"]

{[%evp 9,116,-1,1,-12,-10,-20,0,0,21,20,15,-6,33,38,43,42,52,46,53,40,43,58,76,60,70,52,60,54,47,60,73,30,163,189,303,92,153,134,322,313,706,658,1071,846,867,867,859,836,869,837,897,893,829,395,389,381,379,380,390,392,381,351,342,342,352,356,340,254,408,174,227,228,270,308,256,272,385,285,267,119,119,77,90,0,113,0,98,0,113,0,170,163,162,161,222,159,162,0,195,0,166,0,177,116,125,63,56,56,140]} 1. e4 e6 2. b3 d5 3. Bb2 Nf6 4. e5 Nfd7 5. f4 c5 6. Qh5 {C00: French: Unusual White 2nd moves.} Nc6 7. Nf3 g6 (7... Be7 {keeps more tension.} 8. Be2 a6 9. O-O O-O 10. d3 b5) 8. Qh3 {The position is equal.} Bg7 9. Be2 a6 10. Na3 {[%cal Bb1a3,Ba3c2,Bc2e3,Be3g4][%mdl 32]} Qe7 11. c3 b5 12. Nc2 Bb7 13. O-O {[#]} Rc8 $146 ({Predecessor:} 13... h6 14. a4 b4 15. cxb4 cxb4 16. Ncd4 Nxd4 17. Nxd4 O-O 18. Kh1 Rfc8 19. Qe3 Rc7 {1-0 (41) Reitberger,P (2080)-Larch,J (1855) Wattens 1996}) 14. Rac1 h6 15. d4 O-O 16. Ne3 Rfd8 17. Ng4 Qf8 18. Bd3 b4 19. cxb4 Nxb4 20. Bb1 $1 cxd4 (20... a5 $1 $11 {and Black is okay.}) 21. Nxd4 $18 Nc6 (21... h5 {was called for.}) 22. Nf3 $2 (22. f5 $18 Nxd4 23. Rxc8 Rxc8 24. fxg6) 22... a5 (22... d4 $142) 23. Nh4 $1 $16 Nc5 $2 {[#]} (23... Ba6 $16) 24. f5 $1 $18 {[%mdl 512]} exf5 $2 {[#]} (24... gxf5 25. Bxf5 Ba6) 25. Bxf5 $1 {[%mdl 512]} g5 (25... gxf5 26. Nxf5) 26. Bxc8 Bxc8 27. Nf5 Bxf5 28. Rxf5 Ne7 29. Rff1 ({Weaker is} 29. Rxc5 Nxf5 30. Rc1 (30. Rxa5 $2 Qb4 $19) 30... Rc8 $11) 29... Ne6 30. Ba3 Qe8 31. Bxe7 (31. Nf6+ $142 Bxf6 32. exf6) 31... Qxe7 32. Nxh6+ Bxh6 33. Qxh6 d4 34. Qf6 Qxf6 35. exf6 {[%mdl 4096] Endgame KRR-KRN} Kh7 36. g3 Kg6 37. Kg2 Rd5 38. Rce1 {And now Rxe6! would win.} Nc5 $2 (38... d3 {was necessary.} 39. Kf3 Nd4+ 40. Ke4 {[%mdl 64] Double Attack} Rd8) 39. Rf3 (39. Re8 $142) 39... Nd7 (39... d3 {is a better defense.} 40. Rd1 Rd4) 40. Ref1 Ne5 41. Rf5 g4 42. R5f4 d3 (42... Kg5 $142 43. Rd1 d3) 43. Rd1 Rc5 44. Rf2 (44. Kf2 $1 $18) 44... Rc2 $16 45. Kf1 Rc3 46. Kg2 Rc2 47. Kf1 Rc3 $1 48. Kg2 Rc2 49. Rfd2 (49. Rg1 $16) 49... Kxf6 $2 {[#]} (49... Kf5 $1 $11) 50. Kf2 $1 $18 Ke6 {[#]} 51. Ke3 $1 {Black must now prevent Rxc2.} Rc8 (51... Rc3 {was worth a try.} 52. Rf1 f5) 52. Kf4 Rc2 53. Ke3 {aiming for Rxc2.} Rc8 $1 54. Kf4 Rc2 55. Ke3 {Threatens to win with Rxc2.} Rc8 $1 56. Rxd3 (56. Rf2 $18) 56... Nxd3 $16 57. Rxd3 (57. Kxd3 $16 Rd8+ 58. Kc2 Rc8+ 59. Kb2) 57... Ke5 $1 $14 58. Rd2 Rh8 {Accuracy: White = 70%, Black = 56%.} ({Black should play} 58... Rc3+ $1 $14 59. Ke2 Ke4) 1/2-1/2

[Event "Fagernes GM Swiss 2020"]
[Site "Fagernes"]
[Date "2020.10.10"]
[Round "8.13"]
[White "Lund, Gunnar"]
[Black "Tenold, Andreas"]
[Result "1-0"]
[WhiteElo "2302"]
[BlackElo "1935"]
[Annotator "TA"]
[PlyCount "57"]
[EventDate "2020.10.04"]
[EventType "swiss"]
[EventCountry "NOR"]
[SourceTitle "playchess.com"]
[Source "ChessBase"]
[SourceQuality "1"]

{[%evp 9,57,-7,0,0,15,16,22,18,31,26,21,24,68,58,51,58,69,8,65,61,67,67,53,60,164,166,287,277,470,438,467,458,463,236,346,294,587,591,584,233,574,579,858,479,835,833,1303,1269,1274,1231]} 1. e4 c5 2. Nf3 e6 3. b3 b6 4. Bd3 Bb7 5. O-O d6 6. Bb2 {B40: Sicilian: 2...e6, Unusual lines.} Nf6 7. e5 dxe5 8. Nxe5 {The position is equal.} Nbd7 9. f4 Be7 (9... Nxe5 10. fxe5 Nd7 11. Qg4 $16 (11. Qh5 g6 $11)) 10. a4 a6 11. Na3 O-O {[#]} 12. Qe2 $146 ({Predecessor:} 12. Nac4 Nd5 13. Nxd7 Qxd7 14. Qg4 g6 15. Ne5 Qe8 16. f5 exf5 17. Bxf5 Nf6 18. Qh3 Bc8 19. Bxc8 Qxc8 20. Qh6 Qe6 21. Rae1 {1-0 (21) Martinez Ramirez,L (2392)-Garcia Garcia,A (2231) Santa Clara 2017}) 12... Nd5 13. Nac4 (13. Nxd7 $14 Qxd7 14. Nc4) 13... N7f6 (13... Nxe5 $1 $11 14. Qxe5 (14. fxe5 Nb4 $11) 14... Nf6) 14. f5 $14 exf5 $1 15. Bxf5 Qc7 16. Rae1 {Hoping for Nxf7!} Bc8 (16... Rae8 $1 $14) 17. Ng4 $18 Bxf5 (17... b5 {keeps fighting.}) 18. Rxf5 Rae8 $2 {[#]} (18... b5) 19. Nxf6+ Nxf6 20. Bxf6 gxf6 21. Rh5 (21. Rf3 $142) 21... Qf4 (21... f5 $142 22. Rxf5 Bf6 23. Qxe8 (23. Rxf6 Rxe2 24. Rxe2 b5 $11) 23... Rxe8 24. Rxe8+ Kg7) 22. Rf1 {[%cal Be1f1,Bf1f4,Bf4g4][%mdl 32]} ({Less strong is} 22. Nxb6 Bd6 $16) 22... Bd8 $2 (22... Qd4+ 23. Ne3 Bd8) 23. Rxf4 Rxe2 24. Rg4+ $40 {[%mdl 128] White has strong attack.} Kh8 25. Rgh4 {White is clearly winning.} Rfe8 26. Rxh7+ Kg8 {[#]} 27. Nd6 $1 {Intending Nf5 and mate.} f5 28. Rh8+ Kg7 29. Nxe8+ {Accuracy: White = 86%, Black = 46%.} 1-0

[Event "Fagernes GM Swiss 2020"]
[Site "Fagernes"]
[Date "2020.10.10"]
[Round "8.14"]
[White "Torngren, Gustav"]
[Black "Kvaloy, Aksel Bu"]
[Result "1-0"]
[WhiteElo "2185"]
[BlackElo "2174"]
[Annotator "NA"]
[PlyCount "59"]
[EventDate "2020.10.04"]
[EventType "swiss"]
[EventCountry "NOR"]
[SourceTitle "playchess.com"]
[Source "ChessBase"]
[SourceQuality "1"]
[TimeControl "40/6000+30:2400+30"]

1. d3 {[%emt 0:06:10]} e5 {[%emt 0:00:39]} 2. Nf3 {[%emt 0:00:37]} Nc6 {[%emt 0:00:14]} 3. e4 {[%emt 0:00:44]} Nf6 {[%emt 0:00:39]} 4. c3 {[%emt 0:01:53]} d5 {[%emt 0:00:20]} 5. Nbd2 {[%emt 0:00:16]} a5 {[%emt 0:08:26]} 6. a4 {[%emt 0:00:15] C44: Ponziani Opening and Scotch Gambit.} Bc5 {[%emt 0:00:54]} 7. Be2 {[%emt 0:00:32]} O-O {[%emt 0:02:00]} 8. Qc2 {[%emt 0:00:38]} Re8 {[%emt 0:02:53]} 9. h3 {[%emt 0:04:52] [#]} Ba7 $146 {[%emt 0:09:16]} ({Predecessor:} 9... h6 10. O-O Be6 11. Re1 Ba7 12. Nf1 Qd7 13. Ng3 Bxh3 14. gxh3 Qxh3 15. d4 exd4 {0-1 (49) Friedland,J (2148)-Jones,R (2391) Amersham 2012}) 10. Nf1 {[%emt 0:09:00]} dxe4 {[%emt 0:09:19]} 11. dxe4 {[%emt 0:00:11]} Nd7 {[%emt 0:01:00]} 12. Bg5 {[%emt 0:12:57]} f6 {[%emt 0:01:13]} 13. Bc4+ {[%emt 0:00:09]} Kh8 {[%emt 0:00:35]} 14. Be3 {[%emt 0:04:30]} Bxe3 {[%emt 0:01:25]} 15. Nxe3 {[%emt 0:00:20]} Nc5 {[%emt 0:02:45]} 16. Rd1 {[%emt 0:01:58]} Bd7 {[%emt 0:01:10]} 17. h4 {[%emt 0:16:05]} Qc8 {[%emt 0:03:01]} 18. h5 {[%emt 0:04:31]} Ne7 {[%emt 0:01:51]} 19. Nh4 {[%emt 0:05:01]} Bxa4 $18 {[%emt 0:08:18]} (19... Be6 $11 {and Black stays safe.}) 20. Ng6+ {[%emt 0:06:11]} Nxg6 {[%emt 0:00:43]} 21. hxg6 {[%emt 0:00:02]} h6 {[%emt 0:00:17]} 22. b3 {[%emt 0:00:49]} Bc6 {[%emt 0:00:49]} 23. f3 {[%emt 0:09:33]} Rf8 {[%emt 0:13:46]} 24. Nf5 {[%emt 0:01:59]} Qe8 {[%emt 0:02:08]} 25. Qf2 {[%emt 0:02:36]} b6 {[%emt 0:04:52]} 26. Nxh6 {[%emt 0:01:07]} gxh6 {[%emt 0:01:04]} 27. Rxh6+ {[%emt 0:00:03]} Kg7 {[%emt 0:00:14]} 28. Rh7+ {[%emt 0:00:10]} Kxg6 {[%emt 0:00:05]} 29. Qh4 {[%emt 0:00:04]} Bxe4 {[%emt 0:00:27]} 30. Qh5# {[%emt 0:00:10]} 1-0

[Event "Fagernes GM Swiss 2020"]
[Site "Fagernes"]
[Date "2020.10.10"]
[Round "8.15"]
[White "Skotheim, Andreas"]
[Black "Vestby-Ellingsen, Mads"]
[Result "1/2-1/2"]
[WhiteElo "2120"]
[BlackElo "2362"]
[Annotator "TA"]
[PlyCount "137"]
[EventDate "2020.10.04"]
[EventType "swiss"]
[EventCountry "NOR"]
[SourceTitle "playchess.com"]
[Source "ChessBase"]
[SourceQuality "1"]

{[%evp 12,137,12,6,7,8,2,0,0,-2,0,-14,-8,-22,-26,-29,18,14,8,20,9,15,11,11,21,-1,0,0,13,12,22,16,33,0,0,10,0,0,27,0,27,8,7,0,0,0,0,0,0,0,10,0,15,0,0,-8,-8,-8,-8,-8,-8,-8,-8,-8,-8,-10,-40,-118,-59,-102,0,0,0,0,0,0,0,0,0,0,0,0,0,0,0,-8,0,-365,0,0,0,0,0,0,0,0,0,0,0,0,0,0,0,0,0,0,0,0,0,0,0,0,0,0,0,0,0,0,8,0,0,0,0,0,0,0,8,0]} 1. e4 e5 2. Nf3 Nf6 3. Nc3 Nc6 4. Bb5 Bb4 5. O-O O-O 6. Bxc6 dxc6 7. d3 Nd7 {C49: Four Knights: 4 Bb5 Bb4.} 8. Ne2 Re8 9. h3 Nf8 10. Nh2 Ng6 11. Kh1 Bd6 12. f4 exf4 13. Nxf4 Bxf4 14. Bxf4 Nxf4 15. Rxf4 {[#]} Qd6 $146 ({Predecessor:} 15... Be6 16. Qh5 Qd4 17. Raf1 Qxb2 18. Rh4 h6 19. Ng4 Bxg4 20. Qxf7+ Kh7 21. hxg4 Re5 {1-0 (29) Quesada Perez,Y (2565)-Mastrovasilis,D (2604) chess.com INT 2020}) 16. Qd2 c5 17. Raf1 Be6 18. Qc3 Rad8 19. b3 b6 20. a4 h6 21. Ng4 Qd4 22. Qxd4 (22. Qe1 {looks sharper.} Bxg4 23. Rxg4 f6 24. Qh4 Kh8 25. Rgf4) 22... cxd4 23. Nh2 c5 24. g4 f6 25. R4f2 a6 26. Kg2 b5 27. axb5 axb5 28. Ra1 Ra8 29. Rff1 b4 {[%cal Bb5b4,Bb4a3][%mdl 32]} 30. Nf3 Kf7 31. Kg3 Ke7 32. h4 Ra3 33. Rxa3 bxa3 $11 {[%mdl 4096] Endgame KRB-KRN} 34. Ra1 Ra8 35. Ra2 Kd6 36. Nd2 Kc6 {Threatening ...Kb5.} 37. Nb1 Kb5 {White should prevent ...Kb4.} 38. Rxa3 Rxa3 39. Nxa3+ {KB-KN} Kb4 40. Nb1 $1 g6 (40... g5 $17) 41. g5 fxg5 42. hxg5 h5 43. Kf4 h4 44. Kf3 h3 {[#] Hoping for ...Bg4+.} 45. Kg3 Bc8 46. Kh2 Bg4 {Strongly threatening ...Bd1.} 47. e5 $1 Kb5 48. c3 Kc6 49. b4 $2 {[%mdl 8192] [#]} (49. cxd4 $11 {and White is okay.} cxd4 50. Nd2) 49... cxb4 $2 (49... Bf5 $1 $19 50. cxd4 cxb4) 50. cxb4 {The position is equal.} Kd5 (50... Kb5 $5 51. Nd2 $8 Kxb4 $11) 51. Nd2 Kxe5 52. Ne4 Kf4 53. b5 {Black must now prevent b6.} Ke3 $1 54. b6 {b7 is the strong threat.} Bc8 55. Nc5 Kd2 56. Kg3 Kc3 57. b7 Bxb7 $1 58. Nxb7 {Threatens to win with Nc5.} Kxd3 {KN-K3P} 59. Nd6 Ke2 60. Kxh3 {KN-KPP} d3 61. Nc4 d2 62. Nb2 {aiming for Kg4.} Kf3 63. Kh4 Kf4 64. Nd1 Kf5 65. Nf2 Kf4 66. Nd3+ Kf5 (66... Ke3 $5 67. Nb2 $8 Kf4 $11) 67. Nb2 Kf4 68. Nd1 Kf5 69. Nb2 {Accuracy: White = 94%, Black = 91%.} 1/2-1/2

[Event "Fagernes GM Swiss 2020"]
[Site "Fagernes"]
[Date "2020.10.10"]
[Round "8.16"]
[White "Dolzhikova, Olga"]
[Black "Sorensen, Simen"]
[Result "1-0"]
[WhiteElo "2208"]
[BlackElo "2047"]
[Annotator "NA"]
[PlyCount "111"]
[EventDate "2020.10.04"]
[EventType "swiss"]
[EventCountry "NOR"]
[SourceTitle "playchess.com"]
[Source "ChessBase"]
[SourceQuality "1"]
[TimeControl "40/6000+30:2400+30"]

1. e4 {[%emt 0:00:00]} c5 {[%emt 0:01:27]} 2. c3 {[%emt 0:00:00]} Nf6 {[%emt 0:00:38]} 3. e5 {[%emt 0:00:00]} Nd5 {[%emt 0:00:07]} 4. d4 {[%emt 0:00:00]} cxd4 {[%emt 0:00:09]} 5. Qxd4 {[%emt 0:00:00]} e6 {[%emt 0:02:04]} 6. Nf3 {[%emt 0:00:00]} Nc6 {[%emt 0:11:26]} 7. Qe4 {[%emt 0:00:05]} d6 {[%emt 0:18:17]} 8. Bb5 {[%emt 0:00:37] is now more promising than 8.Nbd2.} Bd7 {[%emt 0:03:40]} 9. c4 {[%emt 0:00:26]} Nc7 {[%emt 0:02:30] B22: Sicilian: 2 c3.} 10. exd6 {[%emt 0:00:55]} Bxd6 {[%emt 0:01:05]} 11. O-O {[%emt 0:02:37]} O-O {[%emt 0:06:50]} 12. Rd1 {[%emt 0:03:20]} Be7 {[%emt 0:04:24]} 13. Nc3 {[%emt 0:01:34]} Qc8 {[%emt 0:03:00] [#]} 14. Bf4 $146 {[%emt 0:09:37]} ({Predecessor:} 14. Ba4 Ne8 15. Bf4 Nf6 16. Qe2 a6 17. Rac1 Na5 18. Bxd7 Nxd7 19. Ne4 e5 20. Nxe5 Nxe5 21. Bxe5 {0-1 (33) Veganzonez Rojo,D (2149)-Teran Alvarez,I (2384) Linares 2017}) 14... f6 {[%emt 0:06:00]} 15. Bd6 {[%emt 0:18:59]} Bxd6 {[%emt 0:12:05]} 16. Rxd6 {[%emt 0:00:06]} e5 {[%emt 0:05:45]} 17. Ba4 {[%emt 0:17:28]} Bf5 {[%emt 0:01:52]} 18. Qe3 {[%emt 0:04:33]} Rd8 {[%emt 0:04:13]} 19. c5 {[%emt 0:07:23]} Ne6 {[%emt 0:05:31]} 20. Nd5 {[%emt 0:06:40]} Re8 {[%emt 0:02:05]} 21. b4 $16 {[%emt 0:05:17]} Ned4 {[%emt 0:03:34]} 22. Nxd4 {[%emt 0:07:53]} exd4 {[%emt 0:00:27]} 23. Qd2 {[%emt 0:00:26]} d3 {[%emt 0:02:16]} 24. Nf4 {[%emt 0:00:35]} a5 {[%emt 0:05:03]} 25. Bxc6 {[%emt 0:01:31]} bxc6 {[%emt 0:00:18]} 26. Nxd3 {[%emt 0:03:48]} Bxd3 {[%emt 0:01:24]} 27. Qxd3 {[%emt 0:03:12]} axb4 {[%emt 0:00:14]} 28. Qc4+ {[%emt 0:00:26]} Kh8 {[%emt 0:00:08]} 29. Qxb4 {[%emt 0:00:24]} Re2 {[%emt 0:03:46]} 30. h3 {[%emt 0:09:38]} h5 {[%emt 0:03:08]} 31. a4 {[%emt 0:00:29]} Rb8 {[%emt 0:00:58]} 32. Qd4 {[%emt 0:00:11]} Qe8 {[%emt 0:00:55]} 33. Kh2 {[%emt 0:02:29]} Kh7 {[%emt 0:00:31]} 34. Rd1 {[%emt 0:02:39]} Ra8 {[%emt 0:00:35]} 35. Qf4 {[%emt 0:00:48]} Qe5 {[%emt 0:00:33]} 36. Qxe5 {[%emt 0:00:19]} fxe5 {[%emt 0:00:27]} 37. Rxc6 {[%emt 0:01:08]} Rxa4 {[%emt 0:00:25]} 38. Rd7 {[%emt 0:00:17]} Rxf2 {[%emt 0:00:37]} 39. Rcc7 {[%emt 0:00:24]} Raa2 {[%emt 0:00:29]} 40. Rxg7+ {[%emt 0:00:19]} Kh6 {[%emt 0:00:26]} 41. Rg8 {[%emt 0:43:06]} Rf5 {[%emt 0:16:50]} 42. Rc6+ {[%emt 0:00:00]} Kh7 {[%emt 0:01:58]} 43. Re8 {[%emt 0:00:00]} Rg5 {[%emt 0:04:51]} 44. Re7+ {[%emt 0:00:00]} Rg7 {[%emt 0:00:27]} 45. Rxg7+ {[%emt 0:00:00]} Kxg7 {[%emt 0:00:01]} 46. Re6 {[%emt 0:00:00]} Re2 {[%emt 0:00:15]} 47. Kg3 {[%emt 0:00:00]} e4 {[%emt 0:02:22]} 48. c6 {[%emt 0:00:00]} Rc2 {[%emt 0:01:31]} 49. Kf4 {[%emt 0:00:00]} Rxg2 {[%emt 0:04:41]} 50. Kxe4 {[%emt 0:00:00]} Rd2 {[%emt 0:02:18]} 51. Ke5 {[%emt 0:00:00]} h4 {[%emt 0:02:58]} 52. c7 {[%emt 0:00:00]} Rc2 {[%emt 0:02:23]} 53. Kd6 {[%emt 0:00:00]} Kf7 {[%emt 0:00:35]} 54. Re5 {[%emt 0:00:00]} Kf6 {[%emt 0:02:55]} 55. Rc5 {[%emt 0:00:00]} Rd2+ {[%emt 0:00:24]} 56. Kc6 {[%emt 0:00:00]} 1-0

[Event "Fagernes GM Swiss 2020"]
[Site "Fagernes"]
[Date "2020.10.10"]
[Round "8.17"]
[White "Eliseev, Sergey"]
[Black "Shehzad, Shazil"]
[Result "1-0"]
[WhiteElo "2025"]
[BlackElo "2188"]
[Annotator "ChessBase"]
[PlyCount "119"]
[EventDate "2020.10.04"]
[EventType "swiss"]
[EventCountry "NOR"]
[SourceTitle "playchess.com"]
[Source "ChessBase"]
[SourceQuality "1"]
[TimeControl "40/6000+30:2400+30"]

1. Nf3 {[%emt 0:00:12]} d5 {[%emt 0:00:00]} 2. c4 {[%emt 0:00:07]} d4 {[%emt 0:00:00]} 3. g3 {[%emt 0:00:28]} g6 {[%emt 0:03:09]} 4. d3 {[%emt 0:00:18]} Bg7 {[%emt 0:00:13]} 5. Bg2 {[%emt 0:00:56]} e5 {[%emt 0:01:04]} 6. O-O {[%emt 0:01:35]} Ne7 {[%emt 0:00:04]} 7. Na3 {[%emt 0:07:33]} O-O {[%emt 0:00:20]} 8. e3 {[%emt 0:03:37]} Nbc6 {[%emt 0:02:32]} 9. exd4 {[%emt 0:00:53]} Nxd4 {[%emt 0:01:29]} 10. Nxd4 {[%emt 0:01:33]} Qxd4 {[%emt 0:00:33]} 11. Be3 {[%emt 0:12:45]} Qd7 {[%emt 0:00:57]} 12. Nb5 {[%emt 0:02:24]} Nf5 {[%emt 0:03:03]} 13. Bc5 {[%emt 0:05:10]} Rd8 {[%emt 0:02:39]} 14. Nxa7 {[%emt 0:02:22]} c6 {[%emt 0:09:20]} 15. Bb6 {[%emt 0:02:23]} Re8 {[%emt 0:01:50]} 16. Bh3 {[%emt 0:16:14]} Qe7 {[%emt 0:03:53]} 17. Nxc8 {[%emt 0:02:00]} Rexc8 {[%emt 0:02:03]} 18. Qf3 {[%emt 0:09:49]} c5 {[%emt 0:04:03]} 19. Bxf5 {[%emt 0:00:05]} gxf5 {[%emt 0:00:12]} 20. a4 {[%emt 0:00:29]} Rc6 {[%emt 0:00:53]} 21. a5 {[%emt 0:00:13]} Qf6 {[%emt 0:06:43]} 22. Ra3 {[%emt 0:06:06]} Re8 {[%emt 0:01:58]} 23. Re1 {[%emt 0:00:21]} Qg5 {[%emt 0:04:18]} 24. h4 {[%emt 0:02:09]} Qd2 {[%emt 0:02:44]} 25. Re2 {[%emt 0:07:06]} Qd1+ {[%emt 0:02:49]} 26. Kg2 {[%emt 0:00:05]} f4 {[%emt 0:02:48]} 27. Re4 {[%emt 0:03:00]} Qc1 {[%emt 0:01:54]} 28. Re2 {[%emt 0:06:50]} fxg3 {[%emt 0:01:07]} 29. Qe3 {[%emt 0:02:29]} Qb1 {[%emt 0:01:18]} 30. fxg3 {[%emt 0:00:40]} e4 {[%emt 0:03:34]} 31. Qg1 {[%emt 0:00:12]} Qxg1+ 32. Kxg1 {[%emt 0:00:02]} e3 {[%emt 0:06:18]} 33. Ra1 {[%emt 0:01:01]} Rd6 {[%emt 0:07:10]} 34. Rd1 {[%emt 0:01:49]} Bd4 {[%emt 0:02:11]} 35. Kg2 {[%emt 0:00:41]} Ra8 {[%emt 0:17:17]} 36. Rb1 {[%emt 0:07:01]} Re8 {[%emt 0:07:46]} 37. Rf1 {[%emt 0:03:28]} Ree6 {[%emt 0:03:02]} 38. Rf5 {[%emt 0:02:44]} Bxb2 {[%emt 0:00:34]} 39. Bxc5 {[%emt 0:00:21]} Rxd3 {[%emt 0:00:30]} 40. Rxb2 {[%emt 0:01:11]} e2 {[%emt 0:00:25]} 41. Rg5+ {[%emt 0:02:32]} Kh8 {[%emt 0:00:17]} 42. Bf2 {[%emt 0:01:36]} Rd1 {[%emt 0:02:01]} 43. Rxb7 {[%emt 0:04:12]} h6 {[%emt 0:01:20]} 44. Rd5 {[%emt 0:00:37]} Rf1 {[%emt 0:01:08]} 45. Bd4+ {[%emt 0:24:58]} Kh7 {[%emt 0:01:24]} 46. Bc3 {[%emt 0:02:05]} Re3 {[%emt 0:12:58]} 47. Bb4 {[%emt 0:00:05]} Rb1 {[%emt 0:05:15]} 48. Rxf7+ {[%emt 0:01:22]} Kg8 {[%emt 0:01:11]} 49. Rf8+ {[%emt 0:06:02]} Kg7 {[%emt 0:01:09]} 50. Rd7+ {[%emt 0:00:30]} Kg6 {[%emt 0:00:14]} 51. Rg8+ {[%emt 0:00:41]} Kf6 {[%emt 0:00:49]} 52. Rgg7 {[%emt 0:00:49]} Rb2 {[%emt 0:02:53]} 53. Rgf7+ {[%emt 0:01:32]} Kg6 {[%emt 0:00:14]} 54. Rg7+ {[%emt 0:00:32]} Kf6 {[%emt 0:00:47]} 55. Be1 {[%emt 0:00:08]} Rb1 {[%emt 0:00:29]} 56. Rdf7+ {[%emt 0:00:11]} Ke5 {[%emt 0:00:44]} 57. Re7+ {[%emt 0:00:05]} Kd4 {[%emt 0:00:33]} 58. Rxe3 {[%emt 0:00:16]} Kxe3 {[%emt 0:00:04]} 59. Re7+ {[%emt 0:00:12]} Kd3 {[%emt 0:00:07]} 60. Kf2 {[%emt 0:00:08]} 1-0

[Event "Fagernes GM Swiss 2020"]
[Site "Fagernes"]
[Date "2020.10.10"]
[Round "8.18"]
[White "Nielsen, Andre"]
[Black "Holleland, Sigve"]
[Result "0-1"]
[WhiteElo "2218"]
[BlackElo "2133"]
[Annotator "NA"]
[PlyCount "88"]
[EventDate "2020.10.04"]
[EventType "swiss"]
[EventCountry "NOR"]
[SourceTitle "playchess.com"]
[Source "ChessBase"]
[SourceQuality "1"]
[TimeControl "40/6000+30:2400+30"]

1. e4 {[%emt 0:00:00]} c5 {[%emt 0:01:15]} 2. Nf3 {[%emt 0:00:00]} Nc6 {[%emt 0:00:26]} 3. d4 {[%emt 0:00:21]} cxd4 {[%emt 0:00:05]} 4. Nxd4 {[%emt 0:00:15]} Nf6 {[%emt 0:00:06]} 5. Nc3 {[%emt 0:00:10]} d6 {[%emt 0:00:12]} 6. Bg5 {[%emt 0:00:35]} e6 {[%emt 0:00:14]} 7. Qd2 {[%emt 0:00:37]} Bd7 {[%emt 0:00:28] [#]} 8. O-O-O {[%emt 0:01:08]} ({White should play} 8. Ndb5 $1 $16) 8... a6 {[%emt 0:00:11]} 9. f4 {[%emt 0:04:25]} Be7 {[%emt 0:01:11] is now debated instead of 9...b5.} 10. Be2 {[%emt 0:16:35]} b5 {[%emt 0:05:57]} 11. Bxf6 {[%emt 0:05:09] B68: Sicilian: Richter-Rauzer: 7...a6 8 0-0-0 Bd7 9 f4 Be7 .} Bxf6 {[%emt 0:07:27]} 12. Nxc6 {[%emt 0:10:44]} Bxc6 {[%emt 0:00:05]} 13. Qxd6 {[%emt 0:00:39]} Qb6 {[%emt 0:13:22] [#]} 14. Nd5 $146 {[%emt 0:11:31]} ({Predecessor:} 14. Bxb5 axb5 15. Nd5 exd5 16. exd5 Be7 17. Rhe1 O-O 18. Rxe7 Rxa2 19. dxc6 Ra1+ 20. Kd2 Rd8 21. Rd7 Rxd7 22. Qxd7 Qf2+ 23. Kc3 Qc5+ 24. Kd2 Qf2+ 25. Kc3 {½-½ (25) Schmider,N (2280)-Baskin,R (2381) Neustadt an der Weinstrasse 2020}) 14... exd5 {[%emt 0:00:27]} 15. exd5 {[%emt 0:00:42]} Qe3+ {[%emt 0:00:51]} 16. Kb1 {[%emt 0:00:40]} Bd7 {[%emt 0:01:09]} 17. Rhe1 {[%emt 0:09:53]} Qa7 $1 {[%emt 0:04:37]} 18. Bxb5+ {[%emt 0:03:19]} Kd8 {[%emt 0:00:10]} 19. Bc6 {[%emt 0:00:30] [#]} Rb8 $15 {[%emt 0:00:14]} 20. c3 {[%emt 0:12:19]} Qc7 {[%emt 0:02:41]} 21. Qa3 {[%emt 0:00:55]} Qb6 {[%emt 0:03:21]} 22. Rd2 {[%emt 0:05:10]} Kc7 {[%emt 0:07:39]} 23. Bxd7 {[%emt 0:04:58]} Kxd7 {[%emt 0:00:06]} 24. c4 {[%emt 0:14:05]} Qb4 {[%emt 0:17:29]} 25. Qxb4 {[%emt 0:05:04]} Rxb4 {[%emt 0:00:39]} 26. Rc2 {[%emt 0:00:47]} Rhb8 {[%emt 0:03:24]} 27. Ree2 {[%emt 0:00:11]} Kd6 {[%emt 0:00:41]} 28. g4 {[%emt 0:01:10]} Kc5 {[%emt 0:01:28]} 29. g5 {[%emt 0:00:36]} Bd4 {[%emt 0:00:59]} 30. b3 {[%emt 0:00:57]} a5 {[%emt 0:00:37]} 31. Re7 {[%emt 0:01:10]} a4 {[%emt 0:05:00]} 32. Rc7+ {[%emt 0:00:14]} Kd6 {[%emt 0:00:07]} 33. Rxf7 {[%emt 0:00:06]} axb3 {[%emt 0:00:11]} 34. axb3 {[%emt 0:00:07]} Rxb3+ {[%emt 0:00:14]} 35. Kc1 {[%emt 0:00:15]} Rd3 {[%emt 0:01:35]} 36. Re2 {[%emt 0:02:10]} Rc3+ {[%emt 0:01:12]} 37. Rc2 {[%emt 0:00:29]} Be3+ {[%emt 0:00:22]} 38. Kd1 {[%emt 0:00:06]} Rb1+ {[%emt 0:00:08]} 39. Ke2 {[%emt 0:00:11]} Rxc2+ {[%emt 0:00:13]} 40. Kxe3 {[%emt 0:00:08]} Rxc4 {[%emt 0:01:19]} 41. Rxg7 {[%emt 0:03:43]} Rb3+ {[%emt 0:00:23]} 42. Kd2 {[%emt 0:00:13]} Rxf4 {[%emt 0:01:01]} 43. Rxh7 {[%emt 0:00:12]} Rf2+ {[%emt 0:00:12]} 44. Kc1 {[%emt 0:00:30]} Rc3+ {[%emt 0:01:10]} 0-1

[Event "Fagernes GM Swiss 2020"]
[Site "Fagernes"]
[Date "2020.10.10"]
[Round "8.19"]
[White "Fossan, Aleksander"]
[Black "Fuglestein, Sander"]
[Result "1/2-1/2"]
[WhiteElo "2171"]
[BlackElo "2109"]
[Annotator "ChessBase"]
[PlyCount "42"]
[EventDate "2020.10.04"]
[EventType "swiss"]
[EventCountry "NOR"]
[SourceTitle "playchess.com"]
[Source "ChessBase"]
[SourceQuality "1"]
[TimeControl "40/6000+30:2400+30"]

1. e4 {[%emt 0:00:54]} c6 {[%emt 0:00:00]} 2. d4 {[%emt 0:00:04]} d5 {[%emt 0:00:00]} 3. exd5 {[%emt 0:00:10]} cxd5 {[%emt 0:00:00]} 4. c4 {[%emt 0:00:04]} Nf6 {[%emt 0:00:00]} 5. Nc3 {[%emt 0:00:06]} Nc6 {[%emt 0:00:00]} 6. Bg5 {[%emt 0:00:06]} dxc4 {[%emt 0:00:13]} 7. Bxc4 {[%emt 0:00:09]} h6 {[%emt 0:00:35]} 8. Bf4 {[%emt 0:01:22]} e6 {[%emt 0:00:41]} 9. Nf3 {[%emt 0:01:05]} Be7 {[%emt 0:02:15]} 10. O-O {[%emt 0:02:11]} O-O {[%emt 0:00:17]} 11. a3 {[%emt 0:16:45]} b6 {[%emt 0:02:17]} 12. Qd3 {[%emt 0:03:19]} Bb7 {[%emt 0:01:16]} 13. Rad1 {[%emt 0:07:24]} Rc8 {[%emt 0:13:19]} 14. Rfe1 {[%emt 0:06:35]} Bd6 {[%emt 0:12:07]} 15. Be5 {[%emt 0:06:08]} Ng4 {[%emt 0:10:22]} 16. Bxd6 {[%emt 0:04:58]} Qxd6 {[%emt 0:00:18]} 17. Ne4 {[%emt 0:27:53]} Qd8 {[%emt 0:03:53]} 18. Ba2 {[%emt 0:02:54]} Ne7 {[%emt 0:05:10]} 19. h3 {[%emt 0:01:50]} Bxe4 {[%emt 0:00:11]} 20. Qxe4 {[%emt 0:00:07]} Nf6 {[%emt 0:00:11]} 21. Qd3 {[%emt 0:01:10]} Qc7 {[%emt 0:04:23]} 1/2-1/2